00551nam a2200217Ia 4500008004100000020001500041082002600056100003700082245003400119250001800153260002100171260002700192260000900219300001000228500000800238650001500246650002600261650001900287942001000306999001700316260428s9999 xx 000 0 und d aD.L. 76504 a347.01 T234e 1990 HNA aTavolari Oliveros, Raúl914282 0aEstudios de derecho procesal  a1a. edición aEditorial Edeval bU.de Valparaiso, Chile c1990 a250p. aHNA aChile9121 aDerecho Procesal9499 aEstudios92701 clibro c20449d20449